Dôchodkový systém v podmienkach SR bakalárska práca

Saved in:
Bibliographic Details
Main Author: Brathová, Zuzana
Corporate Author: Národohospodárska fakulta EU. Katedra sociálneho rozvoja a práce
Other Authors: Rievajová, Eva
Format: Book
Language:Slovak
Published: Bratislava 2012
Tags: Add Tag
No Tags, Be the first to tag this record!

MARC

LEADER 00000nbm a2200000 4500
001 0161234
005 20170314101252.0
041 0 |a slo 
044 |a SK 
245 1 0 |a Dôchodkový systém v podmienkach SR  |b bakalárska práca  |c Zuzana Brathová ; školiteľ: Eva Rievajová 
264 1 |a Bratislava  |c 2012 
300 |a 58 s. 
100 1 |a Brathová, Zuzana 
700 1 |a Rievajová, Eva 
710 2 |a Národohospodárska fakulta EU. Katedra sociálneho rozvoja a práce